Structure of materials : (Record no. 18794)
[ view plain ]
| 000 -LEADER | |
|---|---|
| fixed length control field | 03560cam a2200373 i 4500 |
| 001 - CONTROL NUMBER | |
| control field | 17261075 |
| 003 - CONTROL NUMBER IDENTIFIER | |
| control field | EG-ScBUE |
| 005 - DATE AND TIME OF LATEST TRANSACTION | |
| control field | 20251210093234.0 |
| 008 - FIXED-LENGTH DATA ELEMENTS--GENERAL INFORMATION | |
| fixed length control field | 120418s2013 enka f b 001 0 eng d |
| 020 ## - INTERNATIONAL STANDARD BOOK NUMBER | |
| International Standard Book Number | 9781107005877 (hardback) |
| 040 ## - CATALOGING SOURCE | |
| Original cataloging agency | EG-ScBUE |
| Language of cataloging | eng |
| Description conventions | rda |
| Transcribing agency | EG-ScBUE |
| Modifying agency | EG-ScBUE |
| 082 04 - DEWEY DECIMAL CLASSIFICATION NUMBER | |
| Classification number | 548.8 |
| Edition number | 22 |
| Item number | DEG |
| 100 1# - MAIN ENTRY--PERSONAL NAME | |
| Personal name | De Graef, Marc, |
| 9 (RLIN) | 36964 |
| Relator term | author. |
| 245 10 - TITLE STATEMENT | |
| Title | Structure of materials : |
| Remainder of title | an introduction to crystallography, diffraction and symmetry / |
| Statement of responsibility, etc | Marc De Graef, Carnegie Mellon University, Pittsburg, Michael E. McHenry, Carnegie Mellon University, Pittsburg. |
| 250 ## - EDITION STATEMENT | |
| Edition statement | Second edition, |
| Remainder of edition statement | fully revised and updated. |
| 250 ## - EDITION STATEMENT | |
| Edition statement | Third printing. |
| 264 #1 - PUBLICATION, DISTRIBUTION, ETC. (IMPRINT) | |
| Place of publication, distribution, etc | Cambridge, United Kingdom : |
| Name of publisher, distributor, etc | Cambridge University Press, |
| Date of publication, distribution, etc | 2013. |
| 300 ## - PHYSICAL DESCRIPTION | |
| Extent | xxxii, 739 pages : |
| Other physical details | illustrations ; |
| Dimensions | 26 cm |
| 336 ## - CONTENT TYPE | |
| Source | rdacontent |
| Content type term | text |
| Content type code | txt |
| 337 ## - MEDIA TYPE | |
| Media type term | unmediated |
| Source | rdamedia |
| Media type code | n |
| 338 ## - CARRIER TYPE | |
| Carrier type term | volume |
| Carrier type code | nc |
| Source | rdacarrier |
| 500 ## - GENERAL NOTE | |
| General note | Reprint of the 2012 edition. |
| 504 ## - BIBLIOGRAPHY, ETC. NOTE | |
| Bibliography, etc | Includes bibliographical references and index.<br/> |
| 505 8# - FORMATTED CONTENTS NOTE | |
| Formatted contents note | Machine generated contents note : 1. Materials and materials properties ; 2. The periodic table of the elements and interatomic bonds ; 3. What is a crystal structure ? ; 4. Crystallographic computations ; 5. Lattice planes ; 6. Reciprocal space ; 7. Additional crystallographic computations; 8. Symmetry in crystallography ; 9. Point groups ; 10. Plane groups and space groups; 11. X-ray diffraction: geometry; 12. X-ray diffraction: intensities ; 13. Other diffraction techniques ; 14. About crystal structures and diffraction patterns ; 15. Non-crystallographic point groups ; 16. Periodic and aperiodic tilings; 17. Metallic structures I : simple, derivative, and superlattice structures ; 18. Metallic structures II : complex geometrically determined structures ; 19. Metallic structures III : quasicrystals ; 20. Metallic structures IV : amorphous metals ; 21. Ceramic structures I : basic structure prototypes ; 22. Ceramic structures II: high temperature superconductors ; 23. Ceramic structures III : terrestrial and extraterrestrial minerals ; 24. Molecular solids and biological materials. |
| 520 ## - SUMMARY, ETC. | |
| Summary, etc | "This highly readable, popular textbook for upper undergraduates and graduates comprehensively covers the fundamentals of crystallography and symmetry, applying these concepts to a large range of materials. New to this edition are more streamlined coverage of crystallography, additional coverage of magnetic point group symmetry and updated material on extraterrestrial minerals and rocks. New exercises at the end of chapters, plus over 500 additional exercises available online, allow students to check their understanding of key concepts and put into practice what they have learnt. Over 400 illustrations within the text help students visualise crystal structures and more abstract mathematical objects, supporting more difficult topics like point group symmetries. Historical and biographical sections add colour and interest by giving an insight into those who have contributed significantly to the field. Supplementary online material includes password-protected solutions, over 100 crystal structure data files, and Powerpoints of figures from the book"- |
| 650 #7 - SUBJECT ADDED ENTRY--TOPICAL TERM | |
| Topical term or geographic name as entry element | Crystallography. |
| 9 (RLIN) | 5843 |
| Source of heading or term | BUEsh |
| 650 #7 - SUBJECT ADDED ENTRY--TOPICAL TERM | |
| Topical term or geographic name as entry element | Diffraction. |
| 9 (RLIN) | 7157 |
| Source of heading or term | BUEsh |
| 650 #7 - SUBJECT ADDED ENTRY--TOPICAL TERM | |
| Topical term or geographic name as entry element | Symmetry (Art) |
| 9 (RLIN) | 6279 |
| Source of heading or term | BUEsh |
| 650 #7 - SUBJECT ADDED ENTRY--TOPICAL TERM | |
| Topical term or geographic name as entry element | Materials science. |
| 9 (RLIN) | 1255 |
| Source of heading or term | BUEsh |
| 653 ## - INDEX TERM--UNCONTROLLED | |
| Resource For college | Engineering, Electrical |
| Arrived date list | December2014 |
| 655 ## - INDEX TERM--GENRE/FORM | |
| Form subdivision | Reading book |
| 9 (RLIN) | 34232 |
| 700 1# - ADDED ENTRY--PERSONAL NAME | |
| Personal name | McHenry, Michael E., |
| 9 (RLIN) | 36965 |
| Relator term | author. |
| 942 ## - ADDED ENTRY ELEMENTS (KOHA) | |
| Source of classification or shelving scheme | Dewey Decimal Classification |
| Koha item type | Book - Borrowing |
| Withdrawn status | Lost status | Source of classification or shelving scheme | Damaged status | Not for loan | Collection code | Home library | Current library | Shelving location | Date acquired | Source of acquisition | Cost, normal purchase price | Serial Enumeration / chronology | Total Checkouts | Full call number | Barcode | Date last seen | Cost, replacement price | Price effective from | Koha item type |
|---|---|---|---|---|---|---|---|---|---|---|---|---|---|---|---|---|---|---|---|
| Dewey Decimal Classification | Baccah | Central Library | Central Library | First floor | 17/12/2014 | 434.00 | 21291 | 548.8 DEG | 000037210 | 15/07/2025 | 542.50 | 17/12/2014 | Book - Borrowing | ||||||
| Dewey Decimal Classification | Baccah | Central Library | Central Library | First floor | 17/12/2014 | 434.00 | 21291 | 548.8 DEG | 000037211 | 15/07/2025 | 542.50 | 17/12/2014 | Book - Borrowing |